Movie by Plot Holes - Statistics

General Stats
  • This quiz has been taken 138 times
  • The average score is 8 of 15
Answer Stats
Hint Answer % Correct
Why does Buzz freeze if he thinks he's a real space ranger? Toy Story
96%
If her glass slipper fits perfectly, why did it fall off? Cinderella
95%
Why create an entire world if humans are just used as batteries? The Matrix
84%
How does Michael Myers know how to drive despite being in a mental hospital since the age of 10? Halloween
82%
Jack could've fit on the door Titanic
81%
Why did he cut off his foot to reach the phone, when using the saw to reach the phone is a better idea? Saw
71%
Why did Goldfinger tell the mobsters his plan and then kill them all? Goldfinger
69%
If he died alone, how did they know his last words were Rosebud? Citizen Kane
63%
How did Andy seal the poster from behind? The Shawshank Redemption
52%
How did Ripley hold on to the ladder with one arm, whilst holding the weight of an alien queen and the vacuum of space? Aliens
49%
There is no gravity is space, nothing is pulling him Gravity
38%
If the adults don't believe Santa is real, who do they think is leaving out presents? The Santa Clause
23%
The police were in the sewers for months, how are they clean shaven? The Dark Knight Rises
20%
No one ever said you could bring a rat to Hogwarts Harry Potter and the Sorcerer's Stone
13%
How did Blofeld not recognize Bond? On Her Majesty's Secret Service
6%
No matching quizzes found
Score Distribution
Percent of People with Each Score
Percentile by Number Answered
Your Score History
You have not taken this quiz